| 000 | 00522nam a2200145Ia 4500 | ||
|---|---|---|---|
| 001 | IA_13. Aprovechamiento de los insectos comestibles en el Altiplano Central Mexicano. | ||
| 002 | AUTOGESTION PRODUCTIVA Y SUSTENTABILIDAD AGRARIA | ||
| 008 | 220117s xx 000 0 und d | ||
| 010 | _a186185 | ||
| 590 | _aS934.M6 A98 2015 | ||
| 650 |
_aAgricultura sustentable _xMéxico _9143944 |
||
| 650 |
_aSustainable agriculture _xMexico _9161431 |
||
| 700 |
_aGómez González, Gerardo, coaut. _9161432 |
||
| 942 | _c631 A98 2015 | ||
| 999 |
_c186185 _d186185 |
||